TB. OF PATHOLOGY & GENETICS FOR NURSES (Record no. 2442)

MARC details
000 -LEADER
fixed length control field 00330nam a2200133Ia 4500
008 - FIXED-LENGTH DATA ELEMENTS--GENERAL INFORMATION
fixed length control field 150201s2013 xx 000 0 und d
082 ## - DEWEY DECIMAL CLASSIFICATION NUMBER
Classification number 616.07
Item number P13N
100 ## - MAIN ENTRY--PERSONAL NAME
Personal name NAYAK, RAMADAS
245 ## - TITLE STATEMENT
Title TB. OF PATHOLOGY & GENETICS FOR NURSES
260 ## - PUBLICATION, DISTRIBUTION, ETC. (IMPRINT)
Name of publisher, distributor, etc. JAYPEE
Place of publication, distribution, etc. DELHI
Date of publication, distribution, etc. 2013
300 ## - PHYSICAL DESCRIPTION
Extent 404
650 ## - SUBJECT ADDED ENTRY--TOPICAL TERM
Topical term or geographic name as entry element PATHOLOGY
942 ## - ADDED ENTRY ELEMENTS (KOHA)
Source of classification or shelving scheme Dewey Decimal Classification
Koha item type Books
Koha issues (borrowed), all copies 4
Holdings
Withdrawn status Lost status Source of classification or shelving scheme Damaged status Not for loan Collection code Home library Current library Shelving location Date acquired Source of acquisition Cost, normal purchase price SGTU Bill Number Total Checkouts Total Renewals Full call number Barcode Date last seen Date last checked out Bill Date Koha item type
weeded-out   Dewey Decimal Classification     NURSING SGT Medical Library SGT Medical Library Text Book 29/11/2014 KUMAR BOOK DEPO 450.00 SGTU 400 37 1 616.07 P13N FN2342 17/11/2021 05/10/2021 29/11/2014 Books
weeded-out   Dewey Decimal Classification     NURSING SGT Medical Library SGT Medical Library Text Book 29/11/2014 KUMAR BOOK DEPO 450.00 SGTU 400 45   616.07 P13N FN2343 16/10/2021 11/10/2021 29/11/2014 Books